| 000 | 01021cam a22003131 4500 | ||
|---|---|---|---|
| 001 | sa 66000167 | ||
| 003 | DLC | ||
| 005 | 20260227112213.0 | ||
| 008 | 800715m19591964ii 000 0 san | ||
| 010 | _asa 66000167 | ||
| 035 | _a(OCoLC)6514750 | ||
| 040 |
_aDLC _cMdFmN _dDLC |
||
| 041 | 0 | _asaneng | |
| 042 | _apremarc | ||
| 050 | 0 | 0 |
_aBL1245.V32 _bS7 1959 |
| 100 | 0 |
_aRāmanūjā, _c1017-1137. |
|
| 245 | 1 | 0 | _aRāmānujaviractaṃ Ṡrībhāṣyam. |
| 260 |
_a[Poona] _c1959-64. |
||
| 300 |
_a3 v. _bgeneal. table. _c25 cm. |
||
| 490 | 1 |
_aUniversity of Poona Sanskrit and Prakrit series, _vv.1 |
|
| 500 | _aAdded t. p. in English. | ||
| 500 | _aA commentary on Bādarāyaṇa's Brahmasūtra. | ||
| 500 | _aEnglish and Sanskrit; forword, pref., introd. and notes in English. | ||
| 630 | 0 | 0 | _aBādarāyaạ. Brahmasūtra. |
| 650 | 0 | _aVedanta. | |
| 700 | 1 |
_aKarmarkar, Raghunath Damodar, _d1893- _eed. |
|
| 740 | 0 | _aṠrībhāṣyam. | |
| 810 | 2 |
_aUniversity of Poona. _tSanskrit and Prakrit series ; _vv.1. |
|
| 999 |
_c67081 _d67081 |
||